Statistiques concernant Les plus grandes villes de Suède

Cliquez ici pour prendre le quiz!

Statistiques générales

  • Ce quiz a été pris 424 fois
    (344 depuis la dernière actualisation)
  • Le résultat moyen est 5 sur 10

Statistiques - réponses

PopulationVilles% Correct
1 252 020Stockholm
99%
258 020Malmö
94%
510 491Göteborg
91%
128 409Uppsala
60%
84 423Jönköping
38%
97 428Linköping
38%
83 561Norrköping
32%
98 237Örebro
30%
91 457Helsingborg
28%
107 005Västerås
24%

Distribution des résultats

Percentile par nombre de réponses

% des personnes avec chaque résultat

Votre développement - résultats

Vous n’avez pas pris ce quiz depuis la dernière actualisation